000 00261nam a2200109Ia 4500
001 1265408
005 20260417142026.0
008 260417s9999 xx 000 0 und d
020 _a9786256999442
245 0 _aUfak Tefek Olaylar
260 _bKetebe Yayınları
999 _c1265408
_d1265408